| 000 | 00491nam a2200181 a 4500 | ||
|---|---|---|---|
| 005 | 20221014063446.0 | ||
| 008 | 991125s1937 was 000 0 spa u | ||
| 035 | _aUPN01000008349 | ||
| 049 | _aCE | ||
| 050 | 4 |
_aLB3013 _bP3.3 |
|
| 100 | 1 | _aPadrino, Luis | |
| 245 | 1 | 3 |
_aLa clase : _bdos tipos de organización / _cLuis Padrino. |
| 260 |
_aWashington, D.C. : _bUnión Panamericana, _c1937. |
||
| 300 | _a14 p. | ||
| 440 | 3 |
_aLa educación ; _v106 |
|
| 650 | 2 |
_aClases _910851 |
|
| 905 | _aLibro | ||
| 999 |
_c8349 _d8349 |
||